L'isola di noi (Record n. 336883)
[ formato base ]
| 000 -LEADER | |
|---|---|
| campo di controllo lung. fissa | nam a22 7a 4500 |
| 003 - Identificatore del numero di controllo | |
| campo di controllo | IT-MiCISF |
| 005 - Data e orario dell'ultima transazione | |
| campo di controllo | 20171204143724.0 |
| 008 - Elementi di lunghezza fissa--Informazione generale | |
| campo di controllo lung. fissa | 171204b xxu||||| |||| 00| 0 eng d |
| 040 ## - Fonte della catalogazione | |
| Agenzia che fa la trascrizione | IT-MiCISF |
| 041 ## - Codice di lingua | |
| Codice di lingua del testo/traccia sonora o titolo separato | it |
| 100 ## - Accesso principale -- nome di persona | |
| Nome di persona | De Rosa Federico |
| 9 (RLIN) | 56687 |
| 245 ## - Formulazione del titolo | |
| Titolo | L'isola di noi |
| Complemento del titolo | Guida al paese dell'autismo |
| 260 ## - Pubblicazione, distribuzione, ecc. (stampa) | |
| Luogo di pubblicazione, distribuzione, ecc. | Cinisello B. (MI) |
| Nome dell'editore, distributore, ecc. | San Paolo |
| Data di pubblicazione, distribuzione, ecc. | 2016 |
| 300 ## - Descrizione fisica | |
| Estensione | pp. 139 |
| 500 ## - Nota generale | |
| Nota generale | disturbi-sviluppo, cura, educazione |
| 520 ## - Riassunto, ecc. | |
| Nota di riassunto, ecc. | Questo volume intende essere una guida attraverso il “paese dell'autismo”, dove i normotipi non sanno come orientarsi e hanno tutto da imparare. Come è fatta questo paese? Ci sono un attracco per i traghetti, l'ospedale e una clinica per curare quelli che non sono autistici; il grande distretto scolastico; il parlamento; la Tempo Libero Corporation; il monastero che sta su una montagna alle spalle della città; un borgo dei divertimenti costruito sotto un bosco; il Parco dei Sospiri d'Amore dove le coppiette si appartano e naturalmente, per spostarsi, c'è la metropolitana. Rovesciando ogni stereotipo, l’autore firma la prima guida per normodotati a un mondo a misura di autistici. |
| 650 ## - Accesso aggiunto di soggetto--termine topico | |
| Termine topico o nome geografico come accesso | handicap |
| 9 (RLIN) | 56194 |
| 654 ## - Accesso aggiunto di soggetto--termini topici faccettati | |
| Termine principale | saggio |
| 942 ## - Dati aggiuntivi (Koha) | |
| Fonte della classificazione o dello schema di collocazione (segnatura) | Dewey Decimal Classification |
| Tipo copia default (Koha) | LIBRO |
Nessuna copia disponibile.